Visualizzazione normale
Vista MARC
- Berti, Enrico,
di Personal Name
Records bibliografici associati: 1
001 - CONTROL NUMBER
- control field: 57134
003 - CONTROL NUMBER IDENTIFIER
- control field:
005 - DATE AND TIME OF LATEST TRANSACTION
- control field: 20180511140817.0
008 - FIXED-LENGTH DATA ELEMENTS
- fixed length control field: 180511|| aca||aabn | a|a d
040 ## - CATALOGING SOURCE
- Original cataloging agency:
- Transcribing agency:
100 ## - HEADING--PERSONAL NAME
- Personal name: Berti, Enrico,
- Dates associated with a name: 1935-,
- Relator term: ed.
670 ## - SOURCE DATA FOUND
- Source citation: Work cat.: ()0: Aristoteles, 384-322 a.C. 57131, Metafisica /, 2017.